Normal view
MARC view
- فن -- تاريخ
Entry Topical Term
001 - CONTROL NUMBER
- control field: 15571
003 - CONTROL NUMBER IDENTIFIER
- control field: JO-AjAnu
005 - DATE AND TIME OF LATEST TRANSACTION
- control field: 20230606072802.0
008 - FIXED-LENGTH DATA ELEMENTS
- fixed length control field: 230606|| aca||aabn | a|a d
040 ## - CATALOGING SOURCE
- Original cataloging agency: JO-AjAnu
- Transcribing agency: JO-AjAnu
150 ## - HEADING--TOPICAL TERM
- Topical term or geographic name entry element: فن -- تاريخ
670 ## - SOURCE DATA FOUND
- Source citation: Work cat.: (JO-AjAnu)7996: اعداد حنا، نهى، طنوس، يوسف م.مشارك؛ يعقوب، إميل اشراف, author 15570, الفنون